Bruno BAUER, Karl MARX, La Trompette du jugement dernier, suivi de Nicolas Dessaux, De Marx comme trompettiste, Paris, L’échappée, 2016, 400 pages. (notice n° 2210927)

détails MARC
000 -LEADER
fixed length control field 02143cam a2200169 4500500
005 - DATE AND TIME OF LATEST TRANSACTION
control field 20260412000707.0
041 ## - LANGUAGE CODE
Language code of text/sound track or separate title fre
042 ## - AUTHENTICATION CODE
Authentication code dc
100 10 - MAIN ENTRY--PERSONAL NAME
Personal name Quétier, Jean
Relator term author
245 00 - TITLE STATEMENT
Title Bruno BAUER, Karl MARX, La Trompette du jugement dernier, suivi de Nicolas Dessaux, De Marx comme trompettiste, Paris, L’échappée, 2016, 400 pages.
260 ## - PUBLICATION, DISTRIBUTION, ETC.
Date of publication, distribution, etc. 2018.<br/>
500 ## - GENERAL NOTE
General note 9
520 ## - SUMMARY, ETC.
Summary, etc. Erik Olin Wright est, avec Fredric Jameson, David Harvey ou Perry Anderson, l’une des figures majeures du marxisme anglo-américain contemporain. Mais il est l’une des moins connues en France. La parution d’ Utopies réelles aux éditions la Découverte en 2017, dans une collection dirigée par Christian Laval et Laurent Jeanpierre, marque à cet égard un tournant. Dans cet entretien, l’un des premiers parus dans une revue française, Wright revient sur sa trajectoire intellectuelle depuis les années 1960. Il trace notamment la généalogie du « marxisme analytique », dont il reste à ce jour l’un des principaux représentants. Il évoque également l’idée d’« utopie réelle », par l’entremise de laquelle il esquisse les voies d'un anticapitalisme pour le xxie siècle.
520 ## - SUMMARY, ETC.
Summary, etc. Erik Olin Wright is, alongside Fredric Jameson, David Harvey, and Perry Anderson, one of the major figures of contemporary Anglo-American Marxism. In France, he remains however one of the least known. The publication of Utopies réelles, the translation of his work Envisioning Real Utopias (Éditions La Découverte, 2017), in a series edited by Christian Laval and Laurent Jeanpierre, is a turning point in this regard. In the interview, Wright reviews his intellectual trajectory since the 1960s. He traces the genealogy of « analytical Marxism », of which he remains to this day one of the main representatives. He also describes the idea of « real utopia », through which he outlines a new anticapitalism for the 21st century.
786 0# - DATA SOURCE ENTRY
Note Actuel Marx | 63 | 1 | 2018-03-19 | p. 213a-228a | 0994-4524
856 41 - ELECTRONIC LOCATION AND ACCESS
Uniform Resource Identifier <a href="https://shs.cairn.info/revue-actuel-marx-2018-1-page-213a?lang=fr&redirect-ssocas=7080">https://shs.cairn.info/revue-actuel-marx-2018-1-page-213a?lang=fr&redirect-ssocas=7080</a>

Pas d'exemplaire disponible.

PLUDOC

PLUDOC est la plateforme unique et centralisée de gestion des bibliothèques physiques et numériques de Guinée administré par le CEDUST. Elle est la plus grande base de données de ressources documentaires pour les Étudiants, Enseignants chercheurs et Chercheurs de Guinée.

Adresse

627 919 101/664 919 101

25 boulevard du commerce
Kaloum, Conakry, Guinée

Réseaux sociaux

Powered by Netsen Group @ 2025